000 00605nam a2200181 i 4500
001 22414
003 ES-MaACL
005 20240501063025.0
007 t|
008 021202s1966 sp ||||1| spa d
100 0 _aAlonso Gamo, José María,
_d1913-1993
_920317
245 1 3 _aUn español en el mundo
_b: Santayana : poesía y poética /
_cJosé María Alonso Gamo.
260 _aMadrid :
_bCultura Hispánica,
_c1966.
300 _a513 p., 14 lám ;
_c21 cm.
600 1 4 _aSantayana, George-
_xCrítica e interpretación.
_9103358
852 _aES-MaACL
_jC-30761
999 _c22414
_d22414